| 000 | 00610nam a2200205Ia 4500 | ||
|---|---|---|---|
| 003 | OSt | ||
| 005 | 20250612105006.0 | ||
| 008 | 210210b1987 xxu||||| |||| 00| 0 eng d | ||
| 040 | _cAL | ||
| 041 | _aKannada | ||
| 082 | _a394.2K NAGK | ||
| 100 |
_aNAGARAJAYYA (Hampa). _d ನಾಗರಾಜಯ್ಯ (ಹಂಪಾ) _9214501 |
||
| 245 |
_aKarnatakada jatregalu _bಕರ್ನಾಟಕದ ಜಾತ್ರೆಗಳು |
||
| 260 |
_aBengaluru. _bKannada Sahitya Parishttu., _c1987 |
||
| 300 | _a73 | ||
| 650 |
_aKarnataka Festivals _9214502 |
||
| 690 |
_aCustoms _9214503 |
||
| 906 | _a040274 | ||
| 942 |
_2ddc _cBK |
||
| 999 |
_c90442 _d90442 |
||